[Event "FIDE World Bl Team Pool D"]
[Site "London ENG"]
[Date "2025.06.14"]
[Round "3.4"]
[White "Patel, Zain"]
[Black "Nilsson, Oliver"]
[Result "0-1"]
[WhiteElo "2045"]
[BlackElo "2129"]
[WhiteTeam "The London Legends"]
[BlackTeam "Uppsala SSS"]
[WhiteFideId "469246"]
[BlackFideId "1730177"]
[EventDate "2025.06.14"]
[EventType "team"]

1. f4 Nf6 2. Nf3 g6 3. b3 Bg7 4. Bb2 O-O 5. e3 c5 6. Be2 d5 7. O-O Nc6 8. d4 Ne4
9. Nbd2 Bf5 10. Ne5 cxd4 11. exd4 Rc8 12. Nxe4 Bxe4 13. Bd3 Bxd3 14. Nxc6 bxc6
15. Qxd3 c5 16. c3 cxd4 17. cxd4 e6 18. Rac1 Qb6 19. Rfd1 a5 20. Ba3 Rxc1 21.
Bxc1 Rc8 22. Ba3 Qc7 23. Rc1 Qb8 24. Rxc8+ Qxc8 25. Bc5 Qc6 26. Qc3 a4 27. b4
Qb5 28. Bd6 Qc4 29. Qxc4 dxc4 30. Kf1 Bxd4 31. Ke2 f5 32. b5 Kf7 33. Bc7 Ke8 34.
b6 Kd7 35. Kd2 Kc6 36. Bd8 Bxb6 37. Bf6 Ba5+ 38. Kc2 Kd5 39. a3 Ke4 40. Be5 Ke3
41. g3 Kf3 42. Kb2 Kg2 43. Bc3 Bb6 44. Bd2 Bd4+ 45. Bc3 Bc5 46. Bd2 Kxh2 47. Bb4
Bxb4 48. axb4 h5 49. b5 Kxg3 50. b6 h4 51. b7 h3 52. b8=Q h2 53. Qb7 Kxf4 54.
Qc6 g5 55. Qxc4+ Kg3 56. Qc6 e5 57. Qd5 e4 0-1

[Event "FIDE World Bl Team Pool D"]
[Site "London ENG"]
[Date "2025.06.14"]
[Round "3.5"]
[White "Ostensson, Julia"]
[Black "Mokhber-Garcia, Sebastian"]
[Result "0-1"]
[WhiteElo "1996"]
[BlackElo "1853"]
[WhiteTeam "Uppsala SSS"]
[BlackTeam "The London Legends"]
[WhiteFideId "1747703"]
[BlackFideId "499269"]
[EventDate "2025.06.14"]
[EventType "team"]

1. e4 e5 2. Nf3 Nc6 3. Nc3 Nf6 4. d4 exd4 5. Nxd4 Bb4 6. Nxc6 bxc6 7. Bd3 O-O 8.
O-O d5 9. exd5 cxd5 10. h3 c6 11. Qf3 Be7 12. Bf4 Be6 13. Ne2 Bd6 14. Rfd1 Bxf4
15. Nxf4 Bd7 16. c4 dxc4 17. Bxc4 Qb6 18. Nh5 Nxh5 19. Rxd7 Qxb2 20. Bxf7+ Kh8
21. Rad1 Nf6 22. Rc7 Rad8 23. Rxd8 Rxd8 24. Rxc6 Qa1+ 25. Kh2 Qe5+ 26. g3 Rf8
27. Bb3 a5 28. Qc3 Qf5 29. Qe3 Qh5 30. Rc2 Ng4+ 31. Kg2 Nxe3+ 32. fxe3 Qf3+ 33.
Kh2 Qf1 34. h4 Rf2+ 35. Rxf2 Qxf2+ 36. Kh3 h5 37. e4 Qe3 38. Bd5 a4 39. Kg2 a3
40. Kh3 g6 41. Bc6 Kg7 42. Bd5 Kf6 43. Bc6 Ke5 44. Bd5 Kd4 45. Bc6 Kd3 46. Bd5
Ke2 47. e5 Kf2 0-1

[Event "FIDE World Bl Team Pool D"]
[Site "London ENG"]
[Date "2025.06.14"]
[Round "3.6"]
[White "Maton, Emily"]
[Black "Morell, Edvin"]
[Result "1/2-1/2"]
[WhiteElo "1980"]
[BlackElo "1944"]
[WhiteTeam "The London Legends"]
[BlackTeam "Uppsala SSS"]
[WhiteFideId "343120293"]
[BlackFideId "1722050"]
[EventDate "2025.06.14"]
[EventType "team"]

1. d4 Nf6 2. Nf3 c5 3. c3 g6 4. Bf4 Bg7 5. Nbd2 b6 6. e4 Bb7 7. Bd3 cxd4 8. cxd4
d5 9. e5 Ne4 10. Ng5 Nxg5 11. Bxg5 O-O 12. Nf3 Ba6 13. O-O Qd7 14. Bxa6 Nxa6 15.
Qd2 Rfc8 16. Rac1 Rxc1 17. Rxc1 e6 18. Bh6 Rc8 19. Bxg7 Kxg7 20. Rc3 Rxc3 21.
Qxc3 Qc7 22. Qxc7 Nxc7 23. Kf1 f6 24. Ke2 g5 25. h3 h5 26. exf6+ Kxf6 27. Ne5
Nb5 28. Kd3 Nd6 29. Nc6 a6 30. Nb8 a5 31. Nd7+ Kf5 32. Nxb6 Ne4 33. f3 Nd6 34.
Nd7 Kf4 35. Nc5 Kg3 36. Nxe6 Kxg2 37. Nxg5 Kg3 38. a3 Kf4 39. h4 Nf5 40. Ne6+
Kxf3 41. Nc7 Ne7 42. b4 axb4 43. axb4 Kg4 44. b5 Kxh4 45. b6 Kg3 46. b7 Nc6 47.
Nxd5 h4 48. Ne3 h3 49. d5 Nb8 50. d6 Kf2 51. Ng4+ Kg3 52. Ne3 Kf2 53. Kd4 Kf3
54. Nf1 Kg2 55. Ne3+ Kg1 56. Ng4 Kg2 57. Kd5 Kg3 58. Ne3 Kf3 59. Nf1 Kf2 60. Nh2
Kg2 61. Ke6 Kxh2 62. d7 Nxd7 63. Kxd7 Kg1 64. b8=Q h2 65. Qb1+ Kg2 66. Qc2+ Kg1
67. Qd1+ Kg2 68. Qe2+ Kg1 69. Qg4+ Kf1 70. Qh3+ Kg1 71. Qg3+ Kh1 72. Qe1+ Kg2 1/2-1/2

[Event "FIDE World Bl Team Pool D"]
[Site "London ENG"]
[Date "2025.06.14"]
[Round "3.1"]
[White "Erigaisi, Arjun"]
[Black "Nogerbek, Kazybek"]
[Result "1-0"]
[WhiteTitle "GM"]
[BlackTitle "GM"]
[WhiteElo "2782"]
[BlackElo "2538"]
[WhiteTeam "Team MGD1"]
[BlackTeam "Barys.kz"]
[WhiteFideId "35009192"]
[BlackFideId "13710427"]
[EventDate "2025.06.14"]
[EventType "team"]

1. c4 e6 2. Nf3 d5 3. e3 Nf6 4. b3 Be7 5. d4 O-O 6. Bd3 c5 7. O-O cxd4 8. exd4
Nc6 9. Re1 b6 10. Bb2 Bb7 11. Nc3 Rc8 12. Rc1 dxc4 13. bxc4 Na5 14. Ne5 Nd7 15.
Nxd7 Qxd7 16. d5 e5 17. Rxe5 Nxc4 18. Bf5 Nxe5 19. Bxd7 Nxd7 20. h3 Rfd8 21. Nb5
Nc5 22. Nxa7 Ra8 23. Nc6 Bxc6 24. Qg4 Bf8 25. dxc6 Nd3 26. Rd1 Nxb2 27. Rxd8
Rxd8 28. c7 Ra8 29. c8=Q Rxc8 30. Qxc8 Na4 31. Qc6 Nc5 32. Qxb6 g6 33. Qc6 Kg7
34. a4 Nb3 35. Qc3+ 1-0

[Event "FIDE World Bl Team Pool D"]
[Site "London ENG"]
[Date "2025.06.14"]
[Round "3.2"]
[White "Makhnev, Denis"]
[Black "Harikrishna, Pentala"]
[Result "0-1"]
[WhiteTitle "GM"]
[BlackTitle "GM"]
[WhiteElo "2531"]
[BlackElo "2707"]
[WhiteTeam "Barys.kz"]
[BlackTeam "Team MGD1"]
[WhiteFideId "13707647"]
[BlackFideId "5007003"]
[EventDate "2025.06.14"]
[EventType "team"]

1. d4 Nf6 2. Nf3 d5 3. Bf4 Bf5 4. e3 e6 5. Nbd2 Bd6 6. Ne5 Nfd7 7. Be2 Nxe5 8.
dxe5 Be7 9. O-O O-O 10. c4 c6 11. Nf3 Nd7 12. Bd3 Bxd3 13. Qxd3 Nc5 14. Qc2 Rc8
15. Rfd1 h6 16. b4 Nd7 17. Rab1 a5 18. a3 axb4 19. axb4 Nb6 20. Nd2 Qc7 21. c5
Nd7 22. Nf3 Ra8 23. Rd4 Ra3 24. e4 Rfa8 25. Qc1 Bf8 26. h4 Rxf3 27. gxf3 Nxe5
28. Kg2 f6 29. exd5 cxd5 30. Qe3 Ra2 31. Re1 Qf7 32. Bxe5 fxe5 33. Qxe5 Ra6 34.
b5 Ra2 35. Qxe6 Qxe6 36. Rxe6 Bxc5 37. Rxd5 Rxf2+ 38. Kg3 Rc2 39. b6 Bf2+ 40.
Kg2 Bxb6+ 41. Kh3 Bc7 42. Rd7 h5 43. Rxc7 Rxc7 44. Kg3 Rc6 45. Re5 g6 46. Re7 b5
47. Rb7 Rc5 48. Kf4 Kf8 49. Ke4 Rc4+ 50. Ke5 Rxh4 51. Rxb5 Kg7 52. Rb7+ Kh6 53.
f4 Rh1 54. Rb6 Re1+ 55. Kd4 Rf1 56. Ke4 h4 57. Rb5 Kg7 58. Rb3 Rh1 59. Rb7+ Kh6
60. Kf3 Rg1 61. Rb8 Rg3+ 62. Ke4 Kh5 63. f5 Rg4+ 64. Ke5 Rg5 65. Rh8+ Kg4 0-1

[Event "FIDE World Bl Team Pool D"]
[Site "London ENG"]
[Date "2025.06.14"]
[Round "3.3"]
[White "Pranav, V"]
[Black "Mamedov, Edgar"]
[Result "1-0"]
[WhiteTitle "GM"]
[BlackTitle "IM"]
[WhiteElo "2595"]
[BlackElo "2509"]
[WhiteTeam "Team MGD1"]
[BlackTeam "Barys.kz"]
[WhiteFideId "25060783"]
[BlackFideId "13739980"]
[EventDate "2025.06.14"]
[EventType "team"]

1. e4 e5 2. Nf3 Nc6 3. Nc3 Nf6 4. Bb5 Bd6 5. d3 a6 6. Ba4 O-O 7. a3 b5 8. Bb3
Be7 9. O-O d6 10. h3 h6 11. Re1 Be6 12. Bxe6 fxe6 13. b4 Qe8 14. Be3 Nh5 15. g3
Qg6 16. Kg2 Rf6 17. Nd2 Raf8 18. Qg4 Qf7 19. Kh1 Nd4 20. Bxd4 exd4 21. Nd1 e5
22. Rf1 g6 23. Kg2 Ng7 24. Qe2 Ne6 25. a4 h5 26. axb5 axb5 27. Ra5 h4 28. Rxb5
hxg3 29. fxg3 Rxf1 30. Nxf1 Ng5 31. Nf2 Nf3 32. Ra5 Bg5 33. Ra1 Bh6 34. Ng4 Bg7
35. Nfh2 Nxh2 36. Nxh2 Rb8 37. Rf1 Qe6 38. Nf3 Bh6 39. Rb1 Ra8 40. b5 Ra2 41. b6
cxb6 42. Rxb6 Qc8 43. Ne1 Ra1 44. Rxd6 Kg7 45. Qf2 Qf8 46. Qxf8+ Kxf8 47. Nf3
Be3 48. Rxg6 Rc1 49. Rc6 Ke7 50. h4 Kd7 51. Rc4 Kd6 52. g4 Ra1 53. g5 Ke6 54.
Rc6+ Ke7 55. g6 Kf8 56. Rc7 Ra6 57. h5 Rf6 58. Rf7+ Rxf7 59. gxf7 Bf4 60. Kh3
Kxf7 61. Kg4 Kf6 62. Nxd4 1-0

[Event "FIDE World Bl Team Pool D"]
[Site "London ENG"]
[Date "2025.06.14"]
[Round "3.4"]
[White "Agmanov, Zhandos"]
[Black "Mendonca, Leon Luke"]
[Result "0-1"]
[WhiteTitle "IM"]
[BlackTitle "GM"]
[WhiteElo "2481"]
[BlackElo "2603"]
[WhiteTeam "Barys.kz"]
[BlackTeam "Team MGD1"]
[WhiteFideId "13708309"]
[BlackFideId "35028561"]
[EventDate "2025.06.14"]
[EventType "team"]

1. e4 c6 2. d4 d5 3. Nc3 dxe4 4. Nxe4 Bf5 5. Ng3 Bg6 6. h4 h6 7. Nf3 Nd7 8. h5
Bh7 9. Bd3 Bxd3 10. Qxd3 Ngf6 11. Bd2 e6 12. O-O-O Be7 13. Ne4 Nxe4 14. Qxe4 Nf6
15. Qe2 Qd5 16. Kb1 Qe4 17. Be3 O-O 18. Nd2 Qd5 19. g4 Ne4 20. Nxe4 Qxe4 21. f3
Qd5 22. c4 Qd7 23. f4 f6 24. Bc1 Rae8 25. Rhe1 Bd8 26. Qg2 b5 27. cxb5 cxb5 28.
d5 exd5 29. Rxe8 Qxe8 30. Qxd5+ Kh8 31. Bd2 Qe2 32. Bb4 Rg8 33. g5 fxg5 34. fxg5
Bxg5 35. Re1 Qxh5 36. Qxb5 Qg6+ 37. Ka1 Bf6 38. Ba3 Rc8 39. Qb7 Qc2 40. Rb1 a5
41. Qb5 a4 42. Bd6 Kh7 43. a3 Qc4 44. Qf5+ Kh8 45. Bf4 Rc5 46. Qg4 Qb3 0-1

[Event "FIDE World Bl Team Pool D"]
[Site "London ENG"]
[Date "2025.06.14"]
[Round "3.5"]
[White "Tsolakidou, Stavroula"]
[Black "Balabayeva, Xeniya"]
[Result "0-1"]
[WhiteTitle "IM"]
[BlackTitle "WGM"]
[WhiteElo "2428"]
[BlackElo "2352"]
[WhiteTeam "Team MGD1"]
[BlackTeam "Barys.kz"]
[WhiteFideId "4264312"]
[BlackFideId "13719688"]
[EventDate "2025.06.14"]
[EventType "team"]

1. d4 d5 2. Nf3 Nf6 3. e3 e6 4. Bd3 c5 5. b3 Nc6 6. O-O Qc7 7. Bb2 cxd4 8. exd4
Nb4 9. Bb5+ Bd7 10. Bxd7+ Nxd7 11. c3 Nc6 12. Re1 Be7 13. Nbd2 O-O 14. c4 Nf6
15. Rc1 Rfd8 16. a3 dxc4 17. bxc4 Rac8 18. Qe2 Qb6 19. Rc2 Qa6 20. Qe3 b5 21. d5
exd5 22. cxb5 Qxb5 23. Rxc6 Qxc6 24. Qxe7 Re8 25. Qb4 Re6 26. Re2 Rxe2 27. Ne1 0-1

[Event "FIDE World Bl Team Pool D"]
[Site "London ENG"]
[Date "2025.06.14"]
[Round "3.6"]
[White "Nurakyn, Suleiman"]
[Black "Atharvaa P Tayade"]
[Result "1-0"]
[WhiteElo "1773"]
[BlackElo "1956"]
[WhiteTeam "Barys.kz"]
[BlackTeam "Team MGD1"]
[WhiteFideId "447003073"]
[BlackFideId "25042955"]
[EventDate "2025.06.14"]
[EventType "team"]

1. d4 Nf6 2. c4 g6 3. Nc3 Bg7 4. e4 d6 5. Nf3 O-O 6. h3 e5 7. d5 Nbd7 8. Be3 Nc5
9. Nd2 a5 10. Be2 Ne8 11. g4 f5 12. gxf5 gxf5 13. Rg1 Kh8 14. exf5 Bxf5 15. Nf1
Rg8 16. Qd2 e4 17. Ng3 Bg6 18. O-O-O Nd3+ 19. Kb1 Nxf2 20. Rdf1 Nd3 21. Ngxe4
Nc5 22. Rxg6 Nxe4 23. Nxe4 hxg6 24. Bd4 Qh4 25. Bxg7+ Nxg7 26. Rf4 Qh6 27. Nf6
Rgf8 28. Qd4 g5 29. Rf1 c5 30. dxc6 bxc6 31. h4 g4 32. Bxg4 c5 33. Qc3 Qg6+ 34.
Ka1 Rxf6 35. Qxf6 Qxg4 36. Qh6+ Kg8 37. Qxd6 Qxc4 38. Rg1 Qd4 39. Qg6 Ra6 40.
Qg5 Qf6 41. Qd5+ Re6 42. a3 Qe5 43. Qd8+ Re8 44. Qd7 Qe7 45. Qd5+ Kh8 46. h5 Qe5
47. Qf7 Re7 48. Qf8+ Kh7 49. h6 Kxh6 50. Qh8# 1-0

[Event "FIDE World Bl Team Pool D"]
[Site "London ENG"]
[Date "2025.06.14"]
[Round "3.1"]
[White "Skytte, Rasmus"]
[Black "Kohlmann, Robert"]
[Result "1-0"]
[WhiteTitle "IM"]
[WhiteElo "2367"]
[BlackElo "2026"]
[WhiteTeam "Danish Futures"]
[BlackTeam "REY AHOGADO"]
[WhiteFideId "1404210"]
[BlackFideId "14900467"]
[EventDate "2025.06.14"]
[EventType "team"]

1. e4 d6 2. d4 Nf6 3. Nc3 g6 4. Bg5 c6 5. Nf3 Nbd7 6. e5 dxe5 7. dxe5 Ng4 8. e6
fxe6 9. Nd4 Ndf6 10. Bc4 Qa5 11. Bxf6 Nxf6 12. O-O e5 13. Ne6 Bxe6 14. Bxe6 Rd8
15. Qe2 Bh6 16. Rad1 Kf8 17. Rxd8+ Qxd8 18. Qxe5 Kg7 19. Rd1 Qb6 20. Bh3 Rf8 21.
Qxe7+ Kh8 22. Qa3 Ne4 23. Nxe4 Re8 24. Qc3+ Kg8 25. Nf6+ 1-0

[Event "FIDE World Bl Team Pool D"]
[Site "London ENG"]
[Date "2025.06.14"]
[Round "3.2"]
[White "Medal Paves, Jose Maria"]
[Black "Kistrup, Nicolai"]
[Result "0-1"]
[BlackTitle "IM"]
[WhiteElo "1968"]
[BlackElo "2381"]
[WhiteTeam "REY AHOGADO"]
[BlackTeam "Danish Futures"]
[WhiteFideId "24501492"]
[BlackFideId "1444816"]
[EventDate "2025.06.14"]
[EventType "team"]

1. e4 c5 2. Be2 Nc6 3. f4 d5 4. d3 e6 5. Nf3 Bd6 6. O-O Nge7 7. c3 a6 8. Kh1 b5
9. Be3 d4 10. cxd4 cxd4 11. Nxd4 Bb7 12. Nxc6 Bxc6 13. Bf3 f5 14. Qb3 Qd7 15.
Rc1 O-O 16. e5 Bb8 17. Bxc6 Nxc6 18. Rd1 Ba7 19. Bxa7 Rxa7 20. Nc3 Nd4 21. Qb4
Nc2 22. Qc5 Nxa1 23. Rxa1 Rc7 24. Qe3 Rd8 25. Rd1 b4 26. Ne2 Rc2 27. h3 Rxb2 28.
d4 Rxa2 29. d5 exd5 30. Nd4 Ra3 31. Qd2 Qc8 32. Rc1 Rc3 33. Ra1 Qc4 34. Nxf5 Qe4
35. Nd6 Rxh3+ 36. Kg1 Qe3+ 37. Qxe3 Rxe3 38. Rxa6 Rb8 39. Ra2 b3 40. Rb2 Rc3 41.
e6 Kf8 42. Nf5 Rc2 43. Rb1 b2 44. e7+ Ke8 45. Nxg7+ Kxe7 46. Nf5+ Kf6 0-1

[Event "FIDE World Bl Team Pool D"]
[Site "London ENG"]
[Date "2025.06.14"]
[Round "3.3"]
[White "Nilssen, Ellen Fredericia"]
[Black "Henriquez Garcia, David"]
[Result "1-0"]
[WhiteTitle "WIM"]
[WhiteElo "2160"]
[BlackElo "1905"]
[WhiteTeam "Danish Futures"]
[BlackTeam "REY AHOGADO"]
[WhiteFideId "1441230"]
[BlackFideId "2204320"]
[EventDate "2025.06.14"]
[EventType "team"]

1. d4 e6 2. c4 f5 3. g3 Nf6 4. Bg2 Be7 5. Nc3 d6 6. Nh3 O-O 7. O-O e5 8. e4 exd4
9. Qxd4 Nc6 10. Qd1 fxe4 11. Nf4 Bg4 12. Qd2 Ne5 13. Nxe4 Nxe4 14. Qd5+ Kh8 15.
Qxe4 g5 16. f3 Bf5 17. Qd4 Bf6 18. Qd5 gxf4 19. gxf4 Be6 20. Qxe6 Nc6 21. Bd2
Nd4 22. Qd5 c6 23. Qe4 Re8 24. Qd3 Rg8 25. Bc3 c5 26. Kh1 Qe8 27. Rg1 Qh5 28.
Rae1 Rae8 29. Re4 d5 30. cxd5 Qxd5 31. b4 b6 32. bxc5 bxc5 33. Rge1 Qxa2 34. Rg1
Qd5 35. Rge1 Qa2 36. Rg1 Qd5 37. Bf1 Rxg1+ 38. Kxg1 Rg8+ 39. Kh1 Qa2 40. Bd2
Nxf3 41. Qxf3 Qxd2 42. Re2 Qd4 43. Bg2 Qc4 44. Rd2 Qc1+ 45. Rd1 Qc4 46. Bf1 Qc2
47. Bd3 Qb2 48. Qe4 1-0

[Event "FIDE World Bl Team Pool D"]
[Site "London ENG"]
[Date "2025.06.14"]
[Round "3.4"]
[White "Cujba, Anca-Claudia"]
[Black "Skytte, Robert"]
[Result "0-1"]
[BlackTitle "CM"]
[WhiteElo "1741"]
[BlackElo "2015"]
[WhiteTeam "REY AHOGADO"]
[BlackTeam "Danish Futures"]
[WhiteFideId "1215612"]
[BlackFideId "1471775"]
[EventDate "2025.06.14"]
[EventType "team"]

1. e4 c5 2. Nf3 Nc6 3. d4 cxd4 4. Nxd4 g6 5. Nc3 Bg7 6. Be3 Nf6 7. f3 O-O 8. Be2
Qb6 9. Rb1 Qd8 10. g4 d6 11. h4 Bd7 12. Qd2 Nxd4 13. Bxd4 Bc6 14. h5 Rc8 15.
hxg6 fxg6 16. Bc4+ Kh8 17. Bb3 b6 18. Qh2 h6 19. g5 Nh5 20. Bxg7+ Kxg7 21. gxh6+
Kh7 22. Rd1 Rxf3 23. Rd3 Rxd3 24. cxd3 Qf8 25. Be6 Rd8 26. Nd5 Bxd5 27. Bxd5 Qf6
28. Qh4 Qxh4+ 29. Rxh4 Kxh6 30. Ke2 g5 31. Rh1 Kg6 32. Ke3 Nf4 33. Bb3 Rf8 34.
Rc1 Ng2+ 35. Ke2 g4 36. Be6 Nf4+ 37. Ke3 Nxe6 38. d4 Rf3+ 39. Ke2 Nxd4+ 40. Ke1
Re3+ 41. Kf2 Re2+ 42. Kg3 Rxb2 43. Rc7 Rxa2 44. Rxe7 Kf6 45. Rd7 Ke5 46. Rf7
Ra3+ 47. Kxg4 Kxe4 48. Re7+ Kd5 49. Kf4 Rf3+ 50. Kg4 Rf6 51. Rxa7 b5 52. Ra5 Kc4
53. Ra8 b4 54. Rc8+ Kd3 55. Kg5 Rf5+ 56. Kg4 b3 0-1

[Event "FIDE World Bl Team Pool D"]
[Site "London ENG"]
[Date "2025.06.14"]
[Round "3.5"]
[White "Derlich, Sarah Sima"]
[Black "Heimbaecher, Peter"]
[Result "1-0"]
[WhiteTitle "WCM"]
[WhiteElo "1926"]
[BlackElo "1804"]
[WhiteTeam "Danish Futures"]
[BlackTeam "REY AHOGADO"]
[WhiteFideId "1469290"]
[BlackFideId "24617431"]
[EventDate "2025.06.14"]
[EventType "team"]

1. e4 e5 2. Nf3 f5 3. exf5 e4 4. Ne5 Nf6 5. d3 d6 6. Ng4 Bxf5 7. Nxf6+ Qxf6 8.
Nc3 exd3 9. Bxd3 Qe6+ 10. Be3 Bg6 11. O-O Be7 12. Nd5 Qxd5 13. Bxg6+ hxg6 14.
Qxd5 Nc6 15. Bd4 O-O-O 16. Rfe1 Bf6 17. Bxf6 gxf6 18. Qe6+ Kb8 19. Qxf6 Rdf8 20.
Qxg6 Ne5 21. Qe4 Rhg8 22. Re3 a6 23. h3 Ng6 24. Rae1 Rf4 25. Qe6 Rff8 26. Rg3
Re8 27. Qxe8+ Rxe8 28. Rxe8+ Ka7 29. Rxg6 b5 30. Rg7 Kb6 31. h4 Kc5 32. Rxc7+
Kb4 33. Re4+ Ka5 34. Rc6 d5 35. b4+ Ka4 36. Rxa6# 1-0

[Event "FIDE World Bl Team Pool D"]
[Site "London ENG"]
[Date "2025.06.14"]
[Round "3.1"]
[White "Navara, David"]
[Black "Orozbaev, Eldiyar"]
[Result "1-0"]
[WhiteTitle "GM"]
[BlackTitle "IM"]
[WhiteElo "2657"]
[BlackElo "2367"]
[WhiteTeam "Hetman GKS Katowice"]
[BlackTeam "Noval Group Kyrgyzstan"]
[WhiteFideId "309095"]
[BlackFideId "13802240"]
[EventDate "2025.06.14"]
[EventType "team"]

1. d4 d5 2. c4 dxc4 3. Nf3 Nf6 4. e3 Bg4 5. Bxc4 e6 6. h3 Bh5 7. O-O Nc6 8. Be2
Bd6 9. Nbd2 O-O 10. b3 e5 11. Nxe5 Bxe2 12. Nxc6 Bxd1 13. Nxd8 Be2 14. Nxb7 Bxf1
15. Kxf1 Rfb8 16. Na5 Nd5 17. Ndc4 Bb4 18. Nc6 Re8 19. a3 Bd6 20. Bd2 h5 21. b4
a6 22. Ke2 Bf8 23. Kd3 Re6 24. N4a5 f5 25. Rc1 h4 26. Ne5 Bd6 27. Nac6 Rae8 28.
f3 Nb6 29. e4 fxe4+ 30. fxe4 Rf8 31. Ng4 Bg3 32. e5 Nd5 33. Ke4 Nf6+ 34. Kf5
Ree8 35. exf6 Re2 36. Kg6 gxf6 37. Bh6 Rf7 38. Nxf6+ Rxf6+ 39. Kxf6 Rf2+ 40. Ke6
Rxg2 41. Ne7+ Kh7 42. Nf5 Re2+ 43. Kd7 Rf2 44. Rc5 Rf3 45. Bg5 Rxa3 46. Bxh4 Bf4
47. Bf6 Rxh3 48. Be5 Bd2 49. Rxc7 Bxb4 50. Ke6+ Kg6 51. Rg7+ Kh5 52. Bf4 1-0

[Event "FIDE World Bl Team Pool D"]
[Site "London ENG"]
[Date "2025.06.14"]
[Round "3.2"]
[White "Sharshenbekov, Emir"]
[Black "Klimkowski, Jan"]
[Result "0-1"]
[WhiteTitle "CM"]
[BlackTitle "GM"]
[WhiteElo "2091"]
[BlackElo "2508"]
[WhiteTeam "Noval Group Kyrgyzstan"]
[BlackTeam "Hetman GKS Katowice"]
[WhiteFideId "13810634"]
[BlackFideId "21856222"]
[EventDate "2025.06.14"]
[EventType "team"]

1. e4 c5 2. Nc3 d6 3. g3 g6 4. Bg2 Bg7 5. d3 e6 6. Be3 Nc6 7. Qd2 Nd4 8. Nd1 Nf6
9. c3 Nc6 10. Bh6 O-O 11. Ne2 d5 12. exd5 exd5 13. Bxg7 Kxg7 14. d4 cxd4 15.
Nxd4 Re8+ 16. Ne3 Ne4 17. Bxe4 Rxe4 18. O-O Bh3 19. Rfe1 Qf6 20. Nxd5 Nxd4 21.
cxd4 Rxd4 22. Nxf6 Rxd2 23. Ne4 Rxb2 24. Rab1 Rxb1 25. Rxb1 Bf5 26. f3 b6 27.
Kf2 Rc8 28. Rb2 Bxe4 29. fxe4 Rc4 30. Ke3 Ra4 31. Rc2 Kf6 32. Rd2 Ke6 33. h4 h5
34. Kf3 f6 35. Ke3 Ra5 36. Kf3 Ke5 37. a4 Rxa4 38. Rd5+ Ke6 39. Rd8 Ra3+ 40. Kf4
g5+ 41. hxg5 fxg5+ 42. Kxg5 Rxg3+ 43. Kxh5 Rg7 44. Kh6 Re7 45. Kg6 Ke5 46. Rb8
Kxe4 47. Kf6 Rh7 48. Ke6 Kd4 49. Kd6 Kc4 50. Rf8 a5 51. Rf5 Rh6+ 52. Ke5 Rc6 53.
Ke4 Kb4 54. Kd3 a4 55. Rf4+ Ka5 56. Kd2 b5 57. Rf3 b4 58. Rf5+ Kb6 59. Kd3 b3
60. Rf8 Kb5 61. Rb8+ Rb6 62. Ra8 Kb4 63. Kd2 Ka3 64. Kc1 Rh6 0-1

[Event "FIDE World Bl Team Pool D"]
[Site "London ENG"]
[Date "2025.06.14"]
[Round "3.3"]
[White "Seemann, Jakub"]
[Black "Degenbaev, Aziz"]
[Result "1/2-1/2"]
[WhiteTitle "IM"]
[BlackTitle "FM"]
[WhiteElo "2450"]
[BlackElo "2286"]
[WhiteTeam "Hetman GKS Katowice"]
[BlackTeam "Noval Group Kyrgyzstan"]
[WhiteFideId "21874697"]
[BlackFideId "13802640"]
[EventDate "2025.06.14"]
[EventType "team"]

1. d4 Nf6 2. c4 g6 3. Nc3 Bg7 4. e4 d6 5. Bd3 O-O 6. Nge2 e5 7. d5 a5 8. O-O Na6
9. f3 Bd7 10. Be3 Nh5 11. Kh1 f5 12. exf5 gxf5 13. f4 Kh8 14. Rc1 b6 15. Bb1 Nc5
16. Rf3 Qe8 17. Rh3 Nf6 18. Qd2 Ng4 19. Bg1 Qg6 20. Rf1 Rae8 21. Ng3 e4 22. Nh5
e3 23. Qe2 Nf2+ 24. Bxf2 exf2 25. Qxf2 Ne4 26. Nxe4 fxe4 27. Nxg7 Qxg7 28. Rg3
Qf6 29. Re3 Bf5 30. Qd2 Rg8 31. Rf2 Rg7 32. Qc3 Qh4 33. g3 Qh5 34. Bc2 Bg4 35.
Kg1 Bf3 36. Kf1 Kg8 37. Ke1 Rge7 38. Kd2 c6 39. dxc6 Qc5 40. f5 Qxc6 41. f6 Rf7
42. g4 d5 43. cxd5 Qxd5+ 44. Kc1 Qg5 45. h4 Qxf6 46. Qxf6 Rxf6 47. g5 Rff8 48.
Bb3+ Kg7 49. Kd2 Rd8+ 50. Ke1 b5 51. Rd2 a4 52. Be6 Rxd2 53. Kxd2 Rf4 54. Kc3
Rxh4 55. Kb4 Rh5 56. Kxb5 Rxg5+ 57. Kxa4 h5 58. b4 Re5 59. Bh3 Kf6 60. b5 Kg5
61. b6 Re7 62. Bc8 Kf4 63. Re1 e3 64. Kb5 e2 65. a4 Ke3 66. a5 Kd2 67. Ra1 e1=Q
68. Rxe1 Kxe1 69. a6 Be2+ 70. Kc5 Bxa6 71. Bxa6 Re8 72. Bb7 h4 73. Bh1 h3 74.
Kc6 Kf2 75. Kc7 Kg1 1/2-1/2

[Event "FIDE World Bl Team Pool D"]
[Site "London ENG"]
[Date "2025.06.14"]
[Round "3.4"]
[White "Zhakshylykov, Erzhan"]
[Black "Cieslak, Patryk"]
[Result "0-1"]
[WhiteTitle "IM"]
[BlackTitle "FM"]
[WhiteElo "2362"]
[BlackElo "2442"]
[WhiteTeam "Noval Group Kyrgyzstan"]
[BlackTeam "Hetman GKS Katowice"]
[WhiteFideId "13804111"]
[BlackFideId "21078882"]
[EventDate "2025.06.14"]
[EventType "team"]

1. d4 Nf6 2. c4 e6 3. g3 d5 4. Bg2 dxc4 5. Nf3 Bb4+ 6. Nbd2 b5 7. Ne5 Nd5 8. O-O
O-O 9. Qc2 Bb7 10. b3 c3 11. Ne4 Nc6 12. Nxc6 Bxc6 13. a3 Be7 14. Nxc3 Qd7 15.
Ne4 Rac8 16. Bb2 Ba8 17. Nc5 Bxc5 18. dxc5 Nf6 19. c6 Qe7 20. Bd4 Rfd8 21. Bxa7
Nd5 22. Bc5 Qe8 23. Rac1 Qxc6 24. Qb2 Qd7 25. Rfd1 Qe8 26. Qe5 f6 27. Qb2 Rd7
28. h4 Rcd8 29. e4 Ne7 30. Rxd7 Rxd7 31. Qe2 c6 32. Rd1 Bb7 33. Bh3 Nc8 34. Rxd7
Qxd7 35. Qg4 Kf7 36. Qh5+ Kg8 37. e5 f5 38. Bg2 Ne7 39. Qe2 Nd5 40. a4 Ba6 41.
axb5 Bxb5 42. Qa2 Qb7 43. Qa3 Kf7 44. Bd4 Qd7 45. Bf3 Nc7 46. Qd6 Qxd6 47. exd6
Nd5 48. Bxg7 Ke8 49. Be5 Kd7 50. g4 Bd3 51. g5 f4 52. h5 Bc2 53. Kg2 Nb4 54. Kh3
Nd3 55. Bd4 c5 56. Bf6 Nxf2+ 57. Kh4 Kxd6 58. g6 Bxg6 59. hxg6 hxg6 60. Kg5 e5
61. Kxg6 e4 62. Bxe4 Nxe4 63. Bh4 Ke5 64. Kh5 Kf5 65. Be1 f3 0-1